LEADER 01112nam a22002411i 4500 001 991004091339707536 005 20031003081723.0 008 031111s1967 sz |||||||||||||||||fre 035 $ab12519182-39ule_inst 035 $aARCHE-055245$9ExL 040 $aDip.to Lingue$bita$cA.t.i. Arché s.c.r.l. Pandora Sicilia s.r.l. 082 04$a809 100 1 $aIrailh, Augustin Simon$0152521 245 10$aQuerelles littéraires ou, Mémoires pour servir à l'histoire de révolutions de la république des lettres, depuis Homère jusq'à nos jours /$cAugustin Simon Irailh 260 $aGenève :$bSlatkine,$c1967 300 $a374 p. ;$c31 cm 650 4$aLetteratura$yOrigini-Sec. 18. 907 $a.b12519182$b02-04-14$c13-11-03 912 $a991004091339707536 945 $aLE012 809 IRA$g1$i2012000191464$lle012$o-$pE0.00$q-$rl$s- $t0$u0$v0$w0$x0$y.i12959716$z13-11-03 996 $aQuerelles littéraires ou, Mémoires pour servir à l'histoire de révolutions de la république des lettres, depuis Homère jusq'à nos jours$9183913 997 $aUNISALENTO 998 $ale012$b13-11-03$cm$da $e-$ffre$gsz $h0$i1